| 000 | 00474nam a22001697a 4500 | ||
|---|---|---|---|
| 005 | 20260413180507.0 | ||
| 008 | 260413b |||||||| |||| 00| 0 eng d | ||
| 020 | _a9789697834433 | ||
| 040 | _cPK-LaNCA | ||
| 082 |
_a375.001 _bANJ |
||
| 100 | _aAnjum Altaf | ||
| 245 | _aCritical reflections on the single national curriculum and the medium of instruction | ||
| 260 |
_aFolio Books _bLahore _c2022 |
||
| 300 | _aii, 190p | ||
| 650 | _aCurriculum - Planning | ||
| 942 | _cBK | ||
| 999 |
_c67218 _d67218 |
||